| 000 | 00750nam a22002417a 4500 | ||
|---|---|---|---|
| 003 | UA-OsUOA | ||
| 001 | 101017 | ||
| 007 | ta | ||
| 008 | 20130604b un ||||| |||| 00| 0 ukr d | ||
| 100 | _aЧехов А. | ||
| 090 |
_a821.161.1 _bЧ-56 |
||
| 942 | _cBK | ||
| 040 |
_aUA-OsUOA _brus _cUA-OsUOA _dUA-OsUOA |
||
| 245 |
_aПолное собрание сочинений и писем в тридцати томах _b2 _cПисьма 1887-сентябрь 1888 |
||
| 300 | _a582 с. | ||
| 955 | _a3 | ||
| 041 | _arus | ||
| 080 | _a821.161.1 | ||
| 260 |
_aМ. _bНаука _c1975 |
||
| 246 | 3 | 1 |
_aПисьма в двенадцати томах _n |
| 650 | 7 |
_a82 Література. Літературознавство _2UDC |
|
| 999 |
_c387261 _d387261 |
||